Culture Générale - Série 2381 - Statistiques

Statistiques générales
  • Ce quiz a été pris 108 fois
  • Le résultat moyen est 5 sur 10
Statistiques - réponses
Question Réponse % Correct
Quelle ville des Pays Bas est située à l'embouchure du delta du Rhin et de la Meuse ? Rotterdam
72%
Dans quel département se trouve la ville d'Aurillac ? Cantal
67%
Quel pays a son drapeau national presque similaire à celui des Pays Bas ? Luxembourg
56%
Quel acteur américain, légende du cinéma, est décédé le le 5 février 2020 à l'âge de 103 ans ? prénom et nom Kirk Douglas
53%
Quel ancien Premier ministre a été jugé par la Cour de justice de la République dans l'affaire du sang contaminé ? prénom et nom Laurent Fabius
48%
Comment appelle-t-on un Auvergnat de Paris ? bougnat
41%
Qui interprète la chanson "Route Nationale 7" en 1955 ? prénom et nom Charles Trenet
40%
Quel est la profession du père de l'actrice Léa Drucker, prénommé Jacques ? - voir photo médecin
38%
De quel département français le Premier Ministre Jean Castex est-il originaire ? Gers
37%
Comment s'appelait l'évêque de Beauvais ordonnateur du procès de Jeanne d'Arc à Rouen en 1431 ? Pierre Cauchon
31%
Aucun quiz correspondant
Distribution des résultats
% des personnes avec chaque résultat
Percentile par nombre de réponses
Votre historique - résultats
Vous n’avez pas pris ce quiz